000 01037nam a22002777a 4500
001 0063900
003 KOHA_MİRAKIL
005 20260207004450.0
007 ta
008 190304b xx |||gr||||#||||1|ara |
040 _aTR-BiSEU
_btur
_cTR-BiSEU
_erda
041 0 _aara
050 _aPJ6106
_b.S28 [t.y.]
100 1 _aŞatıbi, Ebu İshak İbrahim b. Musa b. Muhammed el- Gırnati.
245 1 3 _ael- Makasıdü'ş- şafiye fi şerhi'l- hulasati'l- kafiye/
_cEbu İshak İbrahim b. Musa b. Muhammed el- Gırnati Şatıbi ; Ebu İshak İbrahim b. Musa b. Muhammed el- Gırnati Şatıbi; tahkik Abdurrahman b. Süleyman el- Useymin.
264 1 _aMekke :
_bCamiatu Ümmi'l- Kura
_c[t.y.]
300 _ac.; 20 cm
336 _ametin
_btxt
_2rdacontent
337 _aaracısız
_bn
_2rdamedia
338 _acilt
_bnc
_2rdacarrier
650 0 _aDil
_91577
650 0 _aArapça
_963058
650 0 _aDilin standart biçimi yapısal sistemi (Gramer)
_9118289
650 0 _aArabic language--Grammar.
_917379
942 _2lcc
_cBK
999 _c63696
_d63696